00436nam a2200157 a 450000100060000000300090000600800410001504000280005608200160008410000240010024500250012426000520014930000160020165000380021765000230025510336CO-ViMGA141112s2004 ck r 000 u spa d aCO-ViMGAbspacCO-ViMGA04a918.6 G81yl1 aGuberek ; Simón, 10aYo Vi Crecer un Pais aBogotá : bEditorial Colombiana Nueva, c1982 a335p. : il.14aCOLOMBIA - DESCRIPCIONES Y VIAJES14aJUDIOS EN COLOMBIA